Statistics for Countries that Beat Grenada

Click here to take the quiz!

General Stats

  • This quiz has been taken 40 times
    (16 since last reset)
  • The average score is 10 of 14

Answer Stats

RankCategoryCountries% Correct
4Non-bordering country closest to BrazilEcuador | Trinidad and Tobago | Chile
100%
5Least populated Caribbean island countrySaint Kitts and Nevis | Dominica | Antigua and Barbuda | Saint Vincent and the Grenadines
100%
9 (t)Flag with the most starsUnited States | Brazil | Uzbekistan | Cape Verde | Dominica | Bosnia and Herzegovina | Tuvalu | Venezuela
100%
2First Caribbean island country to adopt communismCuba
93%
3Highest population density in the CaribbeanHaiti | Barbados
87%
5Least populated whose name ends in AAndorra | Antigua and Barbuda | Tonga | F.S. Micronesia
73%
5Highest % of English native speakers
(Including creole English)
Jamaica | Barbados | Saint Kitts and Nevis | Saint Vincent and the Grenadines
73%
2Largest with territory in the GrenadinesSaint Vincent and the Grenadines
73%
3Westernmost starting with GGuatemala | Guyana
67%
7Highest literacy rate in Americas [2]Cuba | Barbados | Antigua and Barbuda | Argentina | Trinidad and Tobago | Uruguay
60%
2Most total deaths caused by Hurricane Ivan (2004) [3]United States
53%
8Most Summer Olympics gold medals per capita [1]Finland | Hungary | Bahamas | Sweden | Norway | New Zealand | East Germany
40%
3Least populated capital city named after a saintSan Marino | Antigua and Barbuda
40%
3Smallest by area where homosexuality is criminalizedTuvalu | Maldives
20%

Score Distribution

Percentile by Number Answered

Percent of People with Each Score

Your Score History

You have not taken this quiz since the last reset